Novela postupov účtovania pre podnikateľov

Zmeny v postupoch účtovania.

Salvato in:
Dettagli Bibliografici
Autore principale: Meluchová, Jitka, 1965-
Natura: Capitolo di libro
Lingua:slovacco
Soggetti:
Tags: Aggiungi Tag
Nessun Tag, puoi essere il primo ad aggiungerne!!

MARC

LEADER 00000naa$a2200000$$$4500
001 0051200
005 20240502071609.2
041 0 |a slo 
044 |a SK 
245 1 0 |a Novela postupov účtovania pre podnikateľov  |c Jitka Meluchová 
520 |a Zmeny v postupoch účtovania. 
610 2 0 |a podnikatelia 
610 2 0 |a postupy účtovné 
610 2 0 |a účtovanie 
610 2 0 |a dane z príjmov 
610 2 0 |a papiere cenné 
610 2 0 |a prenájom 
610 2 0 |a kvóty 
610 2 0 |a emisie 
610 2 0 |a záväzky podniku 
610 2 0 |a imanie vlastné 
100 1 |a Meluchová, Jitka, 1965-